00975cam a22002654a 4500001000500000005001700005020001800022040002300040050001400063082001100077100002100088245012100109250004500230260003600275300006000311505000800371520016000379521002000539521002000559650004100579650003200620650001400652650001100666700003200677301220260327132349.0 a9780439798808 aDLCcDLCdDLCbeng00aQM101.Z5400a611.711 aZiefert, Harriet10aYou can't see your bones with binoculars :ba guide to your 206 bones /cHarriet Ziefert ; pictures by Amanda Haley. aFirst Scholastic printing , October 2005 aNew York : bScholastic ,c2003 a24 unnumbered pages : bcolor illustrations ;c26 cm . aZ  aText and illustrations, including xrays, provide a guided tour of the human skeleton, encouraging the reader to find and feel each bone as it is described. a920 bLexile  aZ bRaz-Plus  0aHuman skeletonvJuvenile literature. 0aBonesvJuvenile literature. 1aSkeleton. 1aBones.1 aHaley, Amandaeillustrator